Kto wyreżyserował ten film? #1 - Statystyki

Ogólne statystyki
  • Ten quiz został rozwiązany 38 razy
  • Średni wynik to 9 z 20
Statystyki odpowiedzi
Tytuł filmu Reżyser % Poprawnych
"Pianista" Roman Polański
92%
"Pewnego razu w Hollywood" Quentin Tarantino
81%
"Seksmisja" Juliusz Machulski
69%
"Botoks" Patryk Vega
67%
"Poszukiwany, poszukiwana" Stanisław Bareja
67%
"Kanał" Andrzej Wajda
64%
"Dzień świra" Marek Koterski
61%
"Chłopaki nie płaczą" Olaf Lubaszenko
61%
"Faraon" Jerzy Kawalerowicz
53%
"Ida" Paweł Pawlikowski
50%
"Matrix" bracia Wachowscy
44%
"Rejs" Marek Piwowski
42%
"Forrest Gump" Robert Zemeckis
42%
"Zielona mila" Frank Darabont
33%
"Kogel-mogel 1" Roman Załuski
11%
"Jak zostać królem" Tom Hooper
8%
"8 mila" Curtis Hanson
6%
"Zenek" Jan Hryniak
6%
"Joe Black" Martin Brest
6%
"Okup" Ron Howard
6%
Nie znaleziono quizów pasujących do podanych kryteriów
Rozkład punktacji
Procent ludzi z każdym wynikiem
Percentyl według liczby udzielonych odpowiedzi
Twoja historia wyników
Nie rozwiązałeś tego quizu